[Event "Muensterland Verbandsliga playoff 1-4"]
[Site "Germany"]
[Date "2023.03.25"]
[Round "1.3"]
[White "Beutelhoff, Josef"]
[Black "Colmer, Willi"]
[Result "1-0"]
[WhiteElo "1912"]
[BlackElo "1744"]
[PlyCount "66"]
[EventDate "2022.03.25"]
[EventType "team-k.o."]
[EventRounds "2"]
[EventCountry "GER"]
[SourceTitle "EXT 2024"]
[Source "ChessBase"]
[SourceDate "2023.10.10"]
[SourceVersion "1"]
[SourceVersionDate "2023.10.10"]
[SourceQuality "1"]
[WhiteTeam "Olfen"]
[BlackTeam "Emsdetten Rochade II"]
[WhiteTeamCountry "GER"]
[BlackTeamCountry "GER"]

1. d4 Nf6 2. c4 g6 3. Nc3 Bg7 4. e4 d6 5. f3 Nc6 6. d5 Nb8 7. Be3 c6 8. Qd2 cxd5 9. cxd5 Nbd7 10. Rc1 0-0 11. Nge2 Ne5 12. Nd4 Bd7 13. h3 Rc8 14. Be2 Nc4 15. Bxc4 Rxc4 16. 0-0 a6 17. b3 Rc8 18. Nce2 e5 19. Rxc8 Bxc8 20. Nc2 Ne8 21. a4 f5 22. Rc1 fxe4 23. fxe4 Qh4 24. Nc3 Nf6 25. Qe1 Qxe1+ 26. Nxe1 Bd7 27. Nd3 Nh5 28. Ne2 Bxh3 29. gxh3 Rf3 30. Rc8+ Kf7 31. Rc3 Ke8 32. Nf2 Ng3 33. Nxg3 Rxg3+ 1-0

[Event "Muensterland Verbandsliga 1920"]
[Site "Germany"]
[Date "2020.01.11"]
[Round "5.4"]
[White "Hanewinkel, Christian"]
[Black "Colmer, Willi"]
[Result "1/2-1/2"]
[WhiteElo "1803"]
[BlackElo "1781"]
[PlyCount "78"]
[EventDate "2019.09.07"]
[EventType "team-tourn"]
[EventRounds "7"]
[EventCountry "GER"]
[SourceTitle "EXT 2023"]
[Source "ChessBase"]
[SourceDate "2022.10.05"]
[SourceVersion "1"]
[SourceVersionDate "2022.10.05"]
[SourceQuality "1"]
[WhiteTeam "Beelen"]
[BlackTeam "Emsdetten Rochade II"]
[WhiteTeamCountry "GER"]
[BlackTeamCountry "GER"]

1. e4 c5 2. Nf3 g6 3. h4 Nc6 4. d4 cxd4 5. Nxd4 Bg7 6. Be3 Nf6 7. Nc3 d6 8. f3 Nh5 9. Bb5 Bd7 10. g4 Nf6 11. h5 Ne5 12. Be2 Qc8 13. Qd2 Nc4 14. Bxc4 Qxc4 15. h6 Bf8 16. b3 Qb4 17. a3 Qa5 18. b4 Qa6 19. b5 Qa5 20. Nb3 Qc7 21. 0-0-0 e5 22. Bg5 Be7 23. a4 Be6 24. Kb2 0-0-0 25. Bxf6 Bxf6 26. Nd5 Bxd5 27. Qxd5 Bg5 28. Rd3 Kb8 29. Rc3 Qe7 30. Na5 Ka8 31. b6 Rc8 32. Nc4 Rhd8 33. bxa7 Rc5 34. Nb6+ Kxa7 35. Rxc5 dxc5 36. Qb3 Qd6 37. Nd5 Rc8 38. c4 Rc6 39. Kc2 f5 1/2-1/2

[Event "Muensterland Verbandsliga 1920"]
[Site "Germany"]
[Date "2019.11.09"]
[Round "3.4"]
[White "Loesing, Henrik"]
[Black "Colmer, Willi"]
[Result "1/2-1/2"]
[WhiteElo "1892"]
[BlackElo "1781"]
[PlyCount "96"]
[EventDate "2019.09.07"]
[EventType "team-tourn"]
[EventRounds "7"]
[EventCountry "GER"]
[SourceTitle "EXT 2023"]
[Source "ChessBase"]
[SourceDate "2022.10.05"]
[SourceVersion "1"]
[SourceVersionDate "2022.10.05"]
[SourceQuality "1"]
[WhiteTeam "Suedlohn II"]
[BlackTeam "Emsdetten Rochade II"]
[WhiteTeamCountry "GER"]
[BlackTeamCountry "GER"]

1. c4 Nf6 2. g3 g6 3. Bg2 Bg7 4. Nc3 0-0 5. Nf3 d6 6. 0-0 c5 7. d3 Nc6 8. Rb1 Rb8 9. a3 Ng4 10. Bd2 Nge5 11. b4 Nxf3+ 12. Bxf3 Bh3 13. Re1 Ne5 14. Bh1 b6 15. Qa4 Ng4 16. Nd5 e6 17. Nf4 Nxf2 18. Kxf2 Qf6 19. Bf3 Bh6 20. Qc2 Bxf4 21. Bxf4 g5 22. bxc5 bxc5 23. Rxb8 Rxb8 24. Rb1 Rxb1 25. Qxb1 gxf4 26. Qb8+ Kg7 27. Qxd6 Qa1 28. gxf4 Qf1+ 29. Kg3 Bf5 30. Qe5+ Kg8 31. Bg2 Qe1+ 32. Kf3 Qg1 33. h3 h5 34. Qf6 Qd1 35. Kf2 Qd2 36. Qe5 Bxd3 37. Qb8+ Kg7 38. Qe5+ Kg8 39. Bf3 Bg6 40. Qb8+ Kg7 41. Qe5+ Kg8 42. Kg3 Qe1+ 43. Kg2 h4 44. Qg5 Kh7 45. a4 a5 46. Qg4 Bf5 47. Qh5+ Kg7 48. Qg5+ Kh7 1/2-1/2

[Event "Muensterland Verbandsliga 1920"]
[Site "Germany"]
[Date "2019.09.28"]
[Round "2.4"]
[White "Colmer, Willi"]
[Black "Brands, Julian"]
[Result "1/2-1/2"]
[WhiteElo "1781"]
[BlackElo "1736"]
[PlyCount "71"]
[EventDate "2019.09.07"]
[EventType "team-tourn"]
[EventRounds "7"]
[EventCountry "GER"]
[SourceTitle "EXT 2023"]
[Source "ChessBase"]
[SourceDate "2022.10.05"]
[SourceVersion "1"]
[SourceVersionDate "2022.10.05"]
[SourceQuality "1"]
[WhiteTeam "Emsdetten Rochade II"]
[BlackTeam "Gescher"]
[WhiteTeamCountry "GER"]
[BlackTeamCountry "GER"]

1. d4 Nf6 2. c4 e6 3. Nc3 b6 4. e4 Bb7 5. Bd3 Bb4 6. Qe2 0-0 7. Nf3 d5 8. cxd5 exd5 9. e5 Ne4 10. Qc2 f5 11. 0-0 Nd7 12. Qb3 Bxc3 13. bxc3 c5 14. Be2 Re8 15. Nd2 Kh8 16. Bh5 g6 17. Be2 Qe7 18. f3 Ng5 19. Bb2 Ne6 20. f4 Rg8 21. Rf2 Bc6 22. a4 g5 23. fxg5 Qxg5 24. Nf3 Qe7 25. Qc2 Raf8 26. Bc1 Rf7 27. Bd3 f4 28. Rb1 c4 29. Bf5 Ndf8 30. Ra1 Bd7 31. Ba3 Qe8 32. Bxf8 Nxf8 33. Bxd7 Qxd7 34. Kh1 Ne6 35. Ra2 Rfg7 36. Qf5 1/2-1/2

[Event "Muensterland Verbandsliga 1920"]
[Site "Germany"]
[Date "2019.09.07"]
[Round "1.4"]
[White "Engelkamp, Stephan"]
[Black "Colmer, Willi"]
[Result "1-0"]
[WhiteElo "1890"]
[BlackElo "1781"]
[PlyCount "99"]
[EventDate "2019.09.07"]
[EventType "team-tourn"]
[EventRounds "7"]
[EventCountry "GER"]
[SourceTitle "EXT 2023"]
[Source "ChessBase"]
[SourceDate "2022.10.05"]
[SourceVersion "1"]
[SourceVersionDate "2022.10.05"]
[SourceQuality "1"]
[WhiteTeam "Olfen"]
[BlackTeam "Emsdetten Rochade II"]
[WhiteTeamCountry "GER"]
[BlackTeamCountry "GER"]

1. c4 Nf6 2. Nc3 g6 3. e4 d6 4. d4 Bg7 5. f3 Nc6 6. Be3 a6 7. Qd2 Rb8 8. g4 e5 9. d5 Ne7 10. Nge2 b5 11. Ng3 bxc4 12. Bxc4 h5 13. gxh5 Nxh5 14. 0-0-0 f5 15. Nxh5 Rxh5 16. Bg5 Kf7 17. h4 Rb4 18. Bd3 f4 19. a3 Rb6 20. Na2 Bd7 21. Nb4 a5 22. Na2 Qb8 23. Rh2 Qa7 24. Kb1 Rb3 25. Bc4 Rxf3 26. Be2 Qe3 27. Bxf3 Qxf3 28. Nc3 Bh6 29. Rg1 Ng8 30. Rf2 Qh3 31. Bd8 Nf6 32. Bxf6 Kxf6 33. Nd1 Kg7 34. Qxa5 Qd3+ 35. Ka1 Qc4 36. Rfg2 Be8 37. Qa8 Bf7 38. Qd8 Qc1+ 39. Ka2 Qc4+ 40. b3 Qxe4 41. Nc3 Qf5 42. Qxc7 f3 43. Rxg6+ Kh7 44. Rxd6 f2 45. Rf1 Qc2+ 46. Ka1 Rf5 47. Rd7 Kg7 48. Qc4 Rf4 49. Qc7 Rf3 50. Qxe5+ 1-0

[Event "Muensterland Verbandsklasse 1819"]
[Site "Germany"]
[Date "2019.01.19"]
[Round "5.3"]
[White "Colmer, Willi"]
[Black "Van Dijk, Guido"]
[Result "1/2-1/2"]
[WhiteElo "1782"]
[BlackElo "1789"]
[PlyCount "51"]
[EventDate "2018.09.15"]
[EventType "team-tourn"]
[EventRounds "9"]
[EventCountry "GER"]
[SourceTitle "EXT 2020"]
[Source "ChessBase"]
[SourceDate "2019.10.17"]
[SourceVersion "1"]
[SourceVersionDate "2019.10.17"]
[SourceQuality "1"]
[WhiteTeam "Emsdetten Rochade III"]
[BlackTeam "Rheine Klein Berlin II"]
[WhiteTeamCountry "GER"]
[BlackTeamCountry "GER"]

1. d4 d5 2. c4 c6 3. cxd5 cxd5 4. Nc3 Nf6 5. Nf3 Nc6 6. Bf4 a6 7. e3 e6 8. Bd3 Bd6 9. Ne5 Bxe5 10. Bxe5 Nxe5 11. dxe5 Nd7 12. f4 Qb6 13. Qe2 0-0 14. Rc1 f6 15. exf6 Nxf6 16. 0-0 Bd7 17. Kh1 Bc6 18. e4 d4 19. e5 dxc3 20. exf6 Rxf6 21. Rxc3 Bd5 22. Qh5 g6 23. Qe5 Raf8 24. Rc7 R6f7 25. Rxf7 Rxf7 26. b3 1/2-1/2

[Event "Muensterland Verbandsklasse 1819"]
[Site "Germany"]
[Date "2018.10.06"]
[Round "2.4"]
[White "Hofene, Markus"]
[Black "Colmer, Willi"]
[Result "1/2-1/2"]
[WhiteElo "1670"]
[BlackElo "1782"]
[PlyCount "66"]
[EventDate "2018.09.15"]
[EventType "team-tourn"]
[EventRounds "9"]
[EventCountry "GER"]
[SourceTitle "EXT 2020"]
[Source "ChessBase"]
[SourceDate "2019.10.17"]
[SourceVersion "1"]
[SourceVersionDate "2019.10.17"]
[SourceQuality "1"]
[WhiteTeam "Beelen II"]
[BlackTeam "Emsdetten Rochade III"]
[WhiteTeamCountry "GER"]
[BlackTeamCountry "GER"]

1. e4 c5 2. b3 Nc6 3. Bb2 d6 4. f4 Nf6 5. d3 Bg4 6. Be2 Bxe2 7. Nxe2 e6 8. h3 d5 9. e5 Nh5 10. 0-0 Qh4 11. Nd2 Ng3 12. Nf3 Nxe2+ 13. Qxe2 Qh5 14. Rae1 Be7 15. Kh2 Qf5 16. Bc1 h5 17. g3 0-0-0 18. Qf2 Nb4 19. Ba3 Kb8 20. d4 h4 21. g4 Qxf4+ 22. Kh1 Qg3 23. dxc5 Qxf2 24. Rxf2 Bxc5 25. Rfe2 Rc8 26. Bxb4 Bxb4 27. Rf1 Rc3 28. Kh2 Be7 29. Nd4 Rf8 30. Nb5 Rc5 31. Nd4 Rc3 32. Nb5 Rc5 33. Nd4 Rc3 1/2-1/2

[Event "Muensterland Verbandsklasse 1718"]
[Site "Germany"]
[Date "2018.04.28"]
[Round "9.3"]
[White "Colmer, Willi"]
[Black "Holstegge, Ludger"]
[Result "1/2-1/2"]
[WhiteElo "1773"]
[BlackElo "1803"]
[PlyCount "21"]
[EventDate "2017.09.16"]
[EventType "team-tourn"]
[EventRounds "9"]
[EventCountry "GER"]
[SourceTitle "EXT 2019"]
[Source "ChessBase"]
[SourceDate "2018.10.10"]
[SourceVersion "1"]
[SourceVersionDate "2018.10.10"]
[SourceQuality "1"]
[WhiteTeam "Emsdetten Rochade III"]
[BlackTeam "Nordwalde"]
[WhiteTeamCountry "GER"]
[BlackTeamCountry "GER"]

1. e4 e6 2. d3 c5 3. g3 Nc6 4. Bg2 Nf6 5. Nf3 d5 6. Nbd2 Be7 7. 0-0 0-0 8. e5 Nd7 9. Qe2 Qc7 10. Re1 b5 11. c3 1/2-1/2

[Event "Muensterland Verbandsklasse 1718"]
[Site "Germany"]
[Date "2018.01.27"]
[Round "5.5"]
[White "Colmer, Willi"]
[Black "Brands, Julian"]
[Result "1-0"]
[WhiteElo "1773"]
[BlackElo "1636"]
[PlyCount "95"]
[EventDate "2017.09.16"]
[EventType "team-tourn"]
[EventRounds "9"]
[EventCountry "GER"]
[SourceTitle "EXT 2019"]
[Source "ChessBase"]
[SourceDate "2018.10.10"]
[SourceVersion "1"]
[SourceVersionDate "2018.10.10"]
[SourceQuality "1"]
[WhiteTeam "Emsdetten Rochade III"]
[BlackTeam "Gescher"]
[WhiteTeamCountry "GER"]
[BlackTeamCountry "GER"]

1. d4 d5 2. c4 e6 3. Nc3 Nf6 4. cxd5 exd5 5. Bg5 Be7 6. Nf3 Bf5 7. Qb3 Be6 8. Bxf6 gxf6 9. e3 b6 10. Qc2 c6 11. Bd3 h5 12. Nh4 Qd6 13. Nf5 Bxf5 14. Bxf5 Nd7 15. a3 Nf8 16. 0-0-0 Ne6 17. Kb1 0-0-0 18. Nb5 Qd7 19. Rc1 Kb7 20. Nc3 Qd6 21. Qa4 Rhg8 22. Bd3 Rxg2 23. Ne4 Qd7 24. Ba6+ Kc7 25. Bf1 dxe4 26. Qxa7+ Kd6 27. Qxd7+ Rxd7 28. Bxg2 f5 29. Bh3 Ng7 30. Rhg1 Bf6 31. Rg2 Ke6 32. Rxc6+ Rd6 33. Rxd6+ Kxd6 34. Kc2 Kd5 35. Rg1 f4 36. Bc8 Ne6 37. Bb7+ Kc4 38. Bxe4 Ng5 39. Bd3+ Kd5 40. b3 Nf3 41. Rh1 Bh4 42. Be2 Nxd4+ 43. exd4 Bxf2 44. Bxh5 f5 45. Kd3 Bxd4 46. Bf7+ Ke5 47. Re1+ Be3 48. Rxe3+ 1-0

[Event "Muensterland Verbandsklasse 1718"]
[Site "Germany"]
[Date "2017.11.25"]
[Round "3.5"]
[White "Colmer, Willi"]
[Black "Pusch, Herbert"]
[Result "1-0"]
[WhiteElo "1773"]
[BlackElo "1541"]
[PlyCount "75"]
[EventDate "2017.09.16"]
[EventType "team-tourn"]
[EventRounds "9"]
[EventCountry "GER"]
[SourceTitle "EXT 2019"]
[Source "ChessBase"]
[SourceDate "2018.10.10"]
[SourceVersion "1"]
[SourceVersionDate "2018.10.10"]
[SourceQuality "1"]
[WhiteTeam "Emsdetten Rochade III"]
[BlackTeam "Stadtlohn"]
[WhiteTeamCountry "GER"]
[BlackTeamCountry "GER"]

1. d4 g6 2. c4 Bg7 3. Nc3 d6 4. Nf3 Nf6 5. e4 0-0 6. h3 a6 7. Be3 Nbd7 8. Be2 e5 9. d5 Qe7 10. Qc2 Kh8 11. Nh2 Ng8 12. g4 h6 13. Qd2 f6 14. h4 Rf7 15. g5 fxg5 16. hxg5 Nf8 17. gxh6 Bf6 18. 0-0-0 Rh7 19. Rdg1 c6 20. Nf3 c5 21. Na4 Qd8 22. Bg5 Bd7 23. Nc3 b5 24. Bxf6+ Nxf6 25. Nh4 Be8 26. Qe3 b4 27. Nd1 Ng8 28. f4 exf4 29. Qxf4 Qe7 30. Nf2 Qf6 31. Qg3 Rxh6 32. Nf5 Rxh1 33. Rxh1+ Nh7 34. Rxh7+ Kxh7 35. Qh3+ Nh6 36. Qxh6+ Kg8 37. Ng4 Qh8 38. Ne7+ 1-0

[Event "Steinfurt Bezirksliga 1617"]
[Site "Germany"]
[Date "2017.05.20"]
[Round "9.5"]
[White "Colmer, Willi"]
[Black "Melcher, Guenter Herbert"]
[Result "1-0"]
[WhiteElo "1777"]
[BlackElo "1620"]
[PlyCount "111"]
[EventDate "2016.09.24"]
[EventType "team"]
[EventRounds "9"]
[EventCountry "GER"]
[SourceTitle "EXT 2018"]
[Source "ChessBase"]
[SourceDate "2017.10.13"]
[SourceVersion "1"]
[SourceVersionDate "2017.10.13"]
[SourceQuality "1"]
[WhiteTeam "Emsdetten Rochade III"]
[BlackTeam "Steinfurt II"]
[WhiteTeamCountry "GER"]
[BlackTeamCountry "GER"]

1. d4 Nf6 2. c4 g6 3. Nc3 Bg7 4. e4 d6 5. Nf3 0-0 6. h3 Nbd7 7. Be3 e5 8. d5 Ne8 9. g4 a5 10. Be2 b6 11. Bg5 f6 12. Be3 Nc5 13. Qd2 Bd7 14. 0-0-0 g5 15. Rdg1 c6 16. h4 h6 17. Nh2 cxd5 18. cxd5 Rc8 19. Kb1 Nc7 20. Nf1 Be8 21. Ng3 Bg6 22. Nf5 Kf7 23. Qd1 Qd7 24. Qf1 Rh8 25. f3 Bxf5 26. gxf5 Rcg8 27. Rh2 Qd8 28. Bd1 Qe8 29. Bc2 Ke7 30. Rgh1 N7a6 31. Nb5 Nb4 32. Bxc5 bxc5 33. Ba4 Qc8 34. a3 Na6 35. Na7 Qb7 36. Nc6+ Kf7 37. Nxa5 Qb6 38. Nc4 Qc7 39. Nxe5+ fxe5 40. Qxa6 Ra8 41. Qc6 Qe7 42. Qd7 Rhb8 43. Ka2 Bf6 44. Bc6 Ra7 45. Qxe7+ Kxe7 46. hxg5 Bxg5 47. Rxh6 Bxh6 48. Rxh6 Rf8 49. Re6+ Kd8 50. Rxd6+ Kc7 51. Re6 Kd8 52. Rxe5 Rg7 53. a4 Rg3 54. a5 Rf7 55. Kb3 Ra7 56. Ka4 1-0

[Event "Muensterland Verbandsliga 1516"]
[Site "Germany"]
[Date "2016.01.16"]
[Round "5.7"]
[White "Bartsch, Rainer"]
[Black "Colmer, Willi"]
[Result "1-0"]
[WhiteElo "1787"]
[BlackElo "1775"]
[PlyCount "61"]
[EventDate "2015.09.12"]
[EventType "team"]
[EventRounds "9"]
[EventCountry "GER"]
[SourceTitle "EXT 2017"]
[Source "ChessBase"]
[SourceDate "2016.10.25"]
[SourceVersion "1"]
[SourceVersionDate "2016.10.25"]
[SourceQuality "1"]
[WhiteTeam "Saerbeck"]
[BlackTeam "Emsdetten Rochade II"]
[WhiteTeamCountry "GER"]
[BlackTeamCountry "GER"]

1. d4 Nf6 2. Nf3 g6 3. Nbd2 d5 4. e3 Bg7 5. Bd3 0-0 6. 0-0 Re8 7. Ne5 Nbd7 8. f4 e6 9. c3 c5 10. Qf3 Qc7 11. g4 b6 12. Rf2 Bb7 13. g5 Nh5 14. Nf1 f5 15. gxf6 Nhxf6 16. Ng3 Rf8 17. Bd2 Nxe5 18. dxe5 Ne4 19. Nxe4 dxe4 20. Bxe4 Bxe4 21. Qxe4 Rad8 22. Qc4 Qe7 23. Raf1 Kh8 24. Qa4 Rf5 25. Rg2 Rd5 26. c4 Rd7 27. Bc3 Qd8 28. Qc6 Qe7 29. a3 Qf7 30. Qa4 Bxe5 31. Bxe5+ 1-0

[Event "Muensterland Verbandsliga 1516"]
[Site "Germany"]
[Date "2015.09.12"]
[Round "1.8"]
[White "Heimann, Karsten"]
[Black "Colmer, Willi"]
[Result "1/2-1/2"]
[WhiteElo "1653"]
[BlackElo "1775"]
[PlyCount "37"]
[EventDate "2015.09.12"]
[EventType "team"]
[EventRounds "9"]
[EventCountry "GER"]
[SourceTitle "EXT 2017"]
[Source "ChessBase"]
[SourceDate "2016.10.25"]
[SourceVersion "1"]
[SourceVersionDate "2016.10.25"]
[SourceQuality "1"]
[WhiteTeam "Olfen"]
[BlackTeam "Emsdetten Rochade II"]
[WhiteTeamCountry "GER"]
[BlackTeamCountry "GER"]

1. e4 c5 2. Nf3 g6 3. d4 Bg7 4. c3 Qa5 5. Bc4 cxd4 6. Nxd4 Nc6 7. Nf3 Nf6 8. Nbd2 0-0 9. 0-0 d6 10. Qb3 Qc7 11. Qc2 Na5 12. Bd3 d5 13. exd5 Nxd5 14. Nb3 Nxb3 15. Qxb3 Nf4 16. Qc4 Qxc4 17. Bxc4 Be6 18. Bxe6 Nxe6 19. Be3 1/2-1/2

[Event "Muensterland Verbandsklasse 1415"]
[Site "Germany"]
[Date "2014.12.06"]
[Round "4.5"]
[White "Gerighausen, Karl Heinz"]
[Black "Colmer, Willi"]
[Result "1/2-1/2"]
[WhiteElo "1635"]
[BlackElo "1776"]
[PlyCount "52"]
[EventDate "2014.09.13"]
[EventType "team-tourn"]
[EventRounds "9"]
[EventCountry "GER"]
[SourceTitle "EXT 2016"]
[Source "ChessBase"]
[SourceDate "2015.10.08"]
[SourceVersion "1"]
[SourceVersionDate "2015.10.08"]
[SourceQuality "1"]
[WhiteTeam "Ibbenbueren"]
[BlackTeam "Emsdetten Rochade II"]
[WhiteTeamCountry "GER"]
[BlackTeamCountry "GER"]

1. e4 c5 2. Nf3 g6 3. d4 Bg7 4. Nc3 cxd4 5. Nxd4 Nc6 6. Be3 Nf6 7. Bc4 0-0 8. 0-0 Ng4 9. Nxc6 dxc6 10. Bd2 Qc7 11. g3 Ne5 12. Be2 Bh3 13. Re1 Rad8 14. Qc1 Qd7 15. Bh6 Bg4 16. Bxg7 Kxg7 17. Qf4 Qe6 18. Bxg4 Nxg4 19. Rad1 h5 20. f3 Ne5 21. b3 Rd6 22. Rxd6 Qxd6 23. Qe3 Qf6 24. Kg2 Rd8 25. Rd1 Rxd1 26. Nxd1 Qd6 1/2-1/2

[Event "Muensterland Verbandsklasse 1415"]
[Site "Germany"]
[Date "2014.09.13"]
[Round "1.5"]
[White "Colmer, Willi"]
[Black "Suer, Julian"]
[Result "1-0"]
[WhiteElo "1776"]
[BlackElo "1705"]
[PlyCount "107"]
[EventDate "2014.09.13"]
[EventType "team-tourn"]
[EventRounds "9"]
[EventCountry "GER"]
[SourceTitle "EXT 2016"]
[Source "ChessBase"]
[SourceDate "2015.10.08"]
[SourceVersion "1"]
[SourceVersionDate "2015.10.08"]
[SourceQuality "1"]
[WhiteTeam "Emsdetten Rochade II"]
[BlackTeam "Raesfeld Erle II"]
[WhiteTeamCountry "GER"]
[BlackTeamCountry "GER"]

1. d4 Nf6 2. c4 e5 3. dxe5 Ng4 4. e6 fxe6 5. e4 Ne5 6. f4 Ng6 7. Be3 Bb4+ 8. Nd2 0-0 9. a3 Bxd2+ 10. Qxd2 b6 11. g3 Bb7 12. Bg2 Nc6 13. 0-0-0 d6 14. h4 Na5 15. Qc3 Qf6 16. Qc2 Rac8 17. Bd2 Ba6 18. h5 Ne7 19. h6 g6 20. Bc3 e5 21. Qa4 Bb7 22. fxe5 dxe5 23. Nh3 Rcd8 24. Rdf1 Qd6 25. Rxf8+ Rxf8 26. Bb4 c5 27. Rd1 Qe6 28. Bxa5 bxa5 29. Rd7 Bc6 30. Rxe7 Qxe7 31. Qxc6 Rf6 32. Qd5+ Kf8 33. Qa8+ Qe8 34. Qxa7 Rf7 35. Qxc5+ Kg8 36. Qd5 Kh8 37. Qb5 Qe7 38. Qd5 Qe8 39. Ng5 Rf2 40. Ne6 Qb8 41. Qb5 Qxb5 42. cxb5 Rxg2 43. b6 Rxg3 44. Kc2 a4 45. Nc5 Rf3 46. Nxa4 Rf8 47. Nc5 Rb8 48. b7 g5 49. Kd3 Kg8 50. a4 Kf7 51. a5 Kg6 52. a6 g4 53. Ke2 Kh5 54. a7 1-0

[Event "Muensterland Regionalliga 1314"]
[Site "Germany"]
[Date "2013.12.07"]
[Round "4.6"]
[White "Borrink, Joern"]
[Black "Colmer, Willi"]
[Result "1/2-1/2"]
[WhiteElo "2095"]
[BlackElo "1814"]
[PlyCount "55"]
[EventDate "2013.09.07"]
[EventType "team-tourn"]
[EventRounds "9"]
[EventCountry "GER"]
[SourceTitle "EXT 2015"]
[Source "ChessBase"]
[SourceDate "2014.11.20"]
[SourceVersion "1"]
[SourceVersionDate "2014.11.20"]
[SourceQuality "1"]
[WhiteTeam "Muenster SK II"]
[BlackTeam "Emsdetten Rochade"]
[WhiteTeamCountry "GER"]
[BlackTeamCountry "GER"]

1. e4 c5 2. Nf3 g6 3. Nc3 Bg7 4. g3 Nc6 5. Bg2 Nf6 6. d3 d5 7. exd5 Nxd5 8. Nxd5 Qxd5 9. 0-0 Qh5 10. Ng5 Qxd1 11. Rxd1 Nd4 12. c3 Ne2+ 13. Kh1 Nxc1 14. Raxc1 Bh6 15. f4 e5 16. Re1 0-0 17. Rxe5 f6 18. Rxc5 fxg5 19. fxg5 Bg7 20. d4 Rb8 21. Rc7 Be6 22. Re1 Bxa2 23. Ra1 Rf7 24. Rc5 Be6 25. Rxa7 b6 26. Rcc7 Rxc7 27. Rxc7 Bf8 28. Kg1 1/2-1/2

[Event "Muensterland Verbandsklasse-A 1011"]
[Site "Germany"]
[Date "2010.12.11"]
[Round "4.4"]
[White "Colmer, Willi"]
[Black "Metschan, Helmuth"]
[Result "0-1"]
[WhiteElo "1844"]
[BlackElo "1787"]
[PlyCount "80"]
[EventDate "2010.09.18"]
[EventType "team-tourn"]
[EventRounds "9"]
[EventCountry "GER"]
[SourceTitle "EXT 2012"]
[Source "ChessBase"]
[SourceDate "2011.11.24"]
[SourceVersion "1"]
[SourceVersionDate "2011.11.24"]
[SourceQuality "1"]
[WhiteTeam "Emsdetten Rochade"]
[BlackTeam "Ahaus Wessum II"]
[WhiteTeamCountry "GER"]
[BlackTeamCountry "GER"]

1. d4 d5 2. c4 c6 3. cxd5 cxd5 4. Nc3 Nf6 5. Nf3 Nc6 6. Bf4 e6 7. e3 Be7 8. Bd3 0-0 9. Rc1 a6 10. Bb1 Bd7 11. Ne5 Rc8 12. 0-0 Be8 13. Na4 Nxe5 14. dxe5 Rxc1 15. Qxc1 Bxa4 16. exf6 Bxf6 17. b3 Bb5 18. Qc2 g6 19. Rc1 Bc6 20. Bh6 Re8 21. Qc5 Be5 22. f4 Bf6 23. Bd3 Qa8 24. g4 Rc8 25. g5 Bg7 26. Bxg7 Kxg7 27. Qe7 Kg8 28. h4 Bb5 29. Rxc8+ Qxc8 30. Bxb5 axb5 31. Qf6 b4 32. h5 gxh5 33. Kf2 Qc3 34. Qh6 d4 35. exd4 Qxd4+ 36. Kg3 Qe3+ 37. Kg2 Qe2+ 38. Kg3 Qg4+ 39. Kh2 Qxf4+ 40. Kg2 h4 0-1

[Event "Muensterland Verbandsklasse-B 0910"]
[Site "Germany"]
[Date "2010.01.09"]
[Round "5.4"]
[White "Colmer, Willi"]
[Black "Gresshoff, Werner"]
[Result "1/2-1/2"]
[WhiteElo "1831"]
[BlackElo "1905"]
[PlyCount "49"]
[EventDate "2009.09.19"]
[EventType "team-tourn"]
[EventRounds "9"]
[EventCountry "GER"]
[SourceTitle "EXT 2011"]
[Source "ChessBase"]
[SourceDate "2010.11.26"]
[SourceVersion "1"]
[SourceVersionDate "2010.11.26"]
[SourceQuality "1"]
[WhiteTeam "Emsdetten Rochade"]
[BlackTeam "Muenster SK III"]
[WhiteTeamCountry "GER"]
[BlackTeamCountry "GER"]

1. d4 d5 2. c4 dxc4 3. Nf3 Nf6 4. e3 e6 5. Bxc4 c5 6. 0-0 a6 7. Nc3 b5 8. Bb3 Bb7 9. Qe2 Nbd7 10. Rd1 Qb8 11. d5 exd5 12. Nxd5 c4 13. Nxf6+ Nxf6 14. Bc2 Bd6 15. e4 0-0 16. Bg5 Ng4 17. h3 Ne5 18. Nd4 Re8 19. Nf5 Bc7 20. Ne7+ Kh8 21. Nd5 Nd3 22. Nxc7 Qxc7 23. Bxd3 cxd3 24. Qxd3 Bxe4 25. Qd7 1/2-1/2

[Event "Muensterland Verbandsklasse-B 0910"]
[Site "Germany"]
[Date "2009.11.21"]
[Round "3.4"]
[White "Colmer, Willi"]
[Black "Rensmann, Jochen"]
[Result "1-0"]
[WhiteElo "1831"]
[BlackElo "1778"]
[PlyCount "99"]
[EventDate "2009.09.19"]
[EventType "team-tourn"]
[EventRounds "9"]
[EventCountry "GER"]
[SourceTitle "EXT 2011"]
[Source "ChessBase"]
[SourceDate "2010.11.26"]
[SourceVersion "1"]
[SourceVersionDate "2010.11.26"]
[SourceQuality "1"]
[WhiteTeam "Emsdetten Rochade"]
[BlackTeam "Stadtlohn"]
[WhiteTeamCountry "GER"]
[BlackTeamCountry "GER"]

1. d4 Nf6 2. c4 g6 3. Nc3 Bg7 4. e4 d6 5. Nf3 0-0 6. h3 Nc6 7. Be3 e5 8. d5 Ne7 9. Qd2 a5 10. Be2 Re8 11. Bh6 Bh8 12. Ng5 Bg7 13. Bxg7 Kxg7 14. h4 h6 15. Nh3 Rh8 16. h5 Bg4 17. Bxg4 Nxg4 18. f3 Nf6 19. g4 Nh7 20. f4 exf4 21. Nxf4 Ng5 22. 0-0-0 Nf3 23. Qf2 Ne5 24. Rhf1 Qd7 25. Nd3 Ng8 26. Nxe5 dxe5 27. d6 c6 28. Na4 Qe6 29. Nb6 Rd8 30. Rd3 g5 31. d7 Qe7 32. Rf3 f6 33. c5 Qe6 34. Kb1 a4 35. Ka1 Rh7 36. Rg3 Kh8 37. Rd1 Rf7 38. Rd6 Qe7 39. Qf5 a3 40. Rxa3 Qf8 41. Ra7 Ne7 42. Qf3 Qg7 43. Rxb7 Rff8 44. a4 f5 45. exf5 Rf6 46. Rxf6 Qxf6 47. Qe4 Kg8 48. a5 Kf8 49. a6 Nd5 50. a7 1-0

[Event "Muensterland Verbandsklasse-B 0910"]
[Site "Germany"]
[Date "2009.09.19"]
[Round "1.4"]
[White "Colmer, Willi"]
[Black "Fuellborn, Dietrich"]
[Result "0-1"]
[WhiteElo "1831"]
[BlackElo "1781"]
[PlyCount "32"]
[EventDate "2009.09.19"]
[EventType "team-tourn"]
[EventRounds "9"]
[EventCountry "GER"]
[SourceTitle "EXT 2011"]
[Source "ChessBase"]
[SourceDate "2010.11.26"]
[SourceVersion "1"]
[SourceVersionDate "2010.11.26"]
[SourceQuality "1"]
[WhiteTeam "Emsdetten Rochade"]
[BlackTeam "Ochtrup"]
[WhiteTeamCountry "GER"]
[BlackTeamCountry "GER"]

1. d4 d5 2. c4 Nf6 3. Nc3 Bf5 4. Qb3 Qc8 5. cxd5 e6 6. dxe6 Bxe6 7. d5 Bf5 8. e4 Bg6 9. Nf3 Bc5 10. Bd3 0-0 11. 0-0 c6 12. Bg5 Nbd7 13. Rfe1 cxd5 14. Nxd5 Nxd5 15. exd5 Bxf2+ 16. Kh1 Nc5 0-1